|
|
|
|
| LEADER |
00750Cab#a22002535a#4500 |
| 001 |
022815 |
| 005 |
20191011143515.0 |
| 008 |
110526c2006 ag |||||#|||||||||||spa#d |
| 099 |
|
|
|a P-AR-PRI1
|
| 100 |
1 |
|
|a Hora, Roy
|
| 245 |
0 |
2 |
|a Estado y política en el pensamiento terrateniente argentino de fines del siglo XIX :
|b las ideas de la Liga Agraria /
|c Roy Hora.
|
| 300 |
|
|
|a p. 55-77
|
| 500 |
|
|
|a En Artículos.
|
| 504 |
|
|
|a Incluye referencias bibliográficas.
|
| 942 |
|
|
|c ANA
|n 0
|
| 648 |
|
4 |
|a Siglo XIX
|
| 650 |
|
7 |
|a Política
|2 spines
|
| 650 |
|
7 |
|a Sector agrícola
|2 spines
|
| 650 |
|
7 |
|a
|2 tha
|
| 650 |
|
7 |
|a Clases sociales
|2 spines
|
| 650 |
|
7 |
|a Ideologías
|2 spines
|
| 651 |
|
7 |
|a Argentina
|2 spines
|
| 653 |
|
|
|a Liga Agraria
|
| 999 |
|
|
|c 32267
|d 116067
|